| 000 | 00476ntaaa2200193 4500 | ||
|---|---|---|---|
| 003 | 01 | ||
| 005 | 20251027202119.0 | ||
| 008 | 0714s1973 ag 01 | ||
| 040 |
_aAR-BaBN _bspa _cAR-BaBN _eaacr _dRIC |
||
| 082 | _a253.2000 St1 | ||
| 100 | _aStalker, James | ||
| 245 | _aThe preacher and his models | ||
| 250 | _a1 ed. | ||
| 260 |
_aGrand Rapids : _bBaker Book House, _c1891, 1967 |
||
| 300 | _a284 p | ||
| 500 | _aEl predicador y su vida | ||
| 650 | _apastor | ||
| 942 | _cBK | ||
| 999 |
_c16024 _d16024 |
||